00295nam a2200109Ia 4500008004100000020001800041040002900059050002400088100001600112245002900128260002800157230104s9999||||xx |||||||||||||| ||und|| a0-333-72055-5 cChuka University Library aLB 1025.2bQ25 2000 aQuist, Dawn 0aPrimary teaching methods aMacmillanbOxfordc2000